| 000 | 01218nam a22003017a 4500 | ||
|---|---|---|---|
| 003 | OSt | ||
| 005 | 20260403084912.0 | ||
| 008 | 260403s2001 wj |||fr|||| 00| 0 ara d | ||
| 040 |
_a EG-GICUC _bara _c EG-GICUC _d EG-GICUC _erda |
||
| 041 | _aara | ||
| 082 | 0 | 4 |
_221 _a341.28 _bخ ل . أ |
| 092 | 0 | 4 | _221 |
| 099 | _aLaw1 11 341.28 خ ل . أ 2001 | ||
| 100 | 0 |
_aخلدون بهاء الدين جمدي أبو السعود _eمؤلف. |
|
| 245 |
_aأثر الإحتلال الإسرائيلي و إقامة المستوطنات علي وضع القدس وفقاً لأحكام القانون الدولي / _cخلدون بهاء الدين جمدي أبو السعود . |
||
| 250 | _aالطبعة الأولي | ||
| 264 | 1 |
_aالقدس : _bوزارة الثقافة الفسطينية , _c2001 . |
|
| 300 |
_a311 ; صفحة _c24 سم. |
||
| 336 |
_2rda content _atext |
||
| 337 |
_2rda media _aComputer |
||
| 338 |
_2rda carrier _aOnline Resource |
||
| 546 | _aالنص باللغة العربية | ||
| 650 | 1 | _aالقانون الدولي العام | |
| 650 | 1 | _aمناطق غير مستقلة | |
| 856 | 4 | 0 | _uhttps://fll.law.cu.edu.eg/fulltext/bks/B11-05576.pdf |
| 905 | _a59 | ||
| 942 |
_2ddc _n0 _cBK _e21 |
||
| 999 |
_c68528 _d68528 |
||